The Ambuja Story: How a Group of Ordinary Men Created an Extraordinary Company (Record no. 43189)
[ view plain ]
| 000 -LEADER | |
|---|---|
| fixed length control field | 00504nam a22001697a 4500 |
| 005 - DATE AND TIME OF LATEST TRANSACTION | |
| control field | 20250104185956.0 |
| 008 - FIXED-LENGTH DATA ELEMENTS--GENERAL INFORMATION | |
| fixed length control field | 250104b |||||||| |||| 00| 0 eng d |
| 020 ## - INTERNATIONAL STANDARD BOOK NUMBER | |
| International Standard Book Number | 9789354890338 |
| 041 ## - LANGUAGE CODE | |
| Language code of text/sound track or separate title | Eng |
| 082 ## - DEWEY DECIMAL CLASSIFICATION NUMBER | |
| Classification number | 338.092 SEK |
| 100 ## - MAIN ENTRY--PERSONAL NAME | |
| Author | Sekhsaria, Narotam |
| 245 ## - TITLE STATEMENT | |
| Title | The Ambuja Story: How a Group of Ordinary Men Created an Extraordinary Company |
| 260 ## - PUBLICATION, DISTRIBUTION, ETC. | |
| Place | New Delhi |
| Publisher | Harper Business |
| Publication Year | 2021 |
| 300 ## - PHYSICAL DESCRIPTION | |
| Extent | 331;. P. |
| 650 ## - SUBJECT ADDED ENTRY--TOPICAL TERM | |
| Subject | Ambuja Cements Ltd.--Biography; Cement Industries |
| 942 ## - ADDED ENTRY ELEMENTS (KOHA) | |
| Koha item type | Books |
| Withdrawn status | Lost status | Source of classification or shelving scheme | Damaged status | Not for loan | Home library | Current library | Shelving location | Accession Date | Vendor | Price | Bill number | Total Checkouts | Full call number | Barcode No | Date last seen | Date last checked out | Bill Date | Koha item type |
|---|---|---|---|---|---|---|---|---|---|---|---|---|---|---|---|---|---|---|
| Dewey Decimal Classification | IMTN | IMTN | Rack 13-A | 12/30/2024 | Raghav Books Pvt. Ltd. | 799.00 | 1861 | 1 | 338.092 SEK | 33591 | 01/24/2025 | 01/09/2025 | 12/14/2024 | Books |